000 00215 a2200097 4500
001 43561
100 _aShaw
245 _aArms and the man
260 _aLondon
_bEdition her mafestystatory
_c
090 _c27378
_d27378
942 _aNUST-CAE
_cM
_c19311
999 _c278634
_d278634